| 000 | 00901nam a2200277Ia 4500 | ||
|---|---|---|---|
| 999 |
_c54399 _d54399 |
||
| 001 | 21455 | ||
| 003 | GE_BSU | ||
| 005 | 20211115172346.0 | ||
| 008 | 181216s ||||enk|||||||||||||| ||eng|| | ||
| 020 | _a978012856201 | ||
| 040 | _cGE_BSU | ||
| 080 | _a004.6 K-93 | ||
| 100 |
_aKurose, James F. _98731 |
||
| 245 |
_aComputer Networking : _bA Top-Down Approach / _cJames F. Kurose, Keith W. Ross. |
||
| 264 |
_aBoston : _bPearson, _c2017. |
||
| 300 |
_a862 p. : _b ill. ; _c24 cm. |
||
| 500 | _aBibl. p. : 789-822 ; Index. p. : 823-862. | ||
| 541 | _h245 Gel. | ||
| 653 | _aComputer Networking | ||
| 653 | _aA Top-Down Approach | ||
| 653 | _aИнформационные технологии | ||
| 653 | _aსაინფორმაციო ტექნოლოგიები | ||
| 700 |
_aKurose, James F. _eAuthor _98731 |
||
| 700 |
_aRoss, Keith W. _eAuthor _98734 |
||
| 942 |
_cBK _2udc |
||